Pensamiento y lenguaje /

Análisis genético de las funciones del pensamiento y del lenguaje que tiene como objetivo comprender cómo se da la interrelación entre el desarrollo de los conceptos mentales y la palabra.

Gardado en:
Detalles Bibliográficos
Autor Principal: Vigotski, Lev Semiónovich (autor)
Outros autores: Kozulin, Alex (edición) (edición)
Formato: Libro
Idioma:Lingua castelá
Publicado: Barcelona, España : Paidós, 2001, c2001
Series:(Cognición y Desarrollo Humano ; 30)
Temas:
Etiquetas: Engadir etiqueta
Sen Etiquetas, Sexa o primeiro en etiquetar este rexistro!

MARC

LEADER 00000nam^a2200000^a^4500
001 000181287
005 20250521000000.0
009 20260310101926.081
020 |a 84-493-0165-3 
037 |a Acervo ITESO - Biblioteca 
041 |a ESP 
082 |a 153. 42  |b VIG OBR PEN 
100 |a Vigotski, Lev Semiónovich  |e (autor) 
240 1 1 |a [Pensamiento y lenguaje] 
245 1 0 |a Pensamiento y lenguaje /  |c L.S. Vigotski ; ed. de A. Kozulin ; tr. por Pedro Tosaus Abadía. 
264 4 |a Barcelona, España :  |b Paidós,  |c 2001, c2001 
300 |a 237 p. 
336 |a texto  |b txt  |2 rdacontenido 
337 |a sin mediación  |b n  |2 rdamedio 
338 |a volumen  |b nc  |2 rdasoporte 
440 1 |a (Cognición y Desarrollo Humano ;  |v 30) 
500 |a Traducción de: Thought and Languaje 
520 |a Análisis genético de las funciones del pensamiento y del lenguaje que tiene como objetivo comprender cómo se da la interrelación entre el desarrollo de los conceptos mentales y la palabra. 
649 |a XX 
650 |a Niños -  |x Condiciones Psicológicas 
650 |a Formación de Conceptos 
650 |a Lenguaje y Pensamiento -  |x Teoría -  |x Tema Principal 
650 |a Cultura -  |x Aspectos Psicológicos 
650 |a Psicología Cognitiva 
650 |a Desarrollo Cognoscitivo 
650 |a Psicolingüística 
650 |a Psicología Social 
650 |a Psicología Educativa 
650 |a Psicología Evolutiva 
650 |a Piaget, Jean 
650 |a Stern, William 
700 |a Kozulin, Alex  |e (edición) 
910 |a Fondo General 
920 |a Impresos - Libros 
930 |a Colección General 
905 |a 101 
901 |a 0500120801  |b IT1  |c ACC  |u 20250521 
901 |a 0500120837  |b IT1  |c ACC  |u 20250521 
901 |a 0500120816  |b IT1  |c ACC  |u 20250521 
902 |a https://opac.biblio.iteso.mx/vufind/Record/000181287